00520 2200193 4500001002100000005001500021035002000036245007500056100001500131250000600146300003500152700001700187260003600204082001000240084001600250020002200266650002100288990001700309INLIS00000000000044420181030040427 a0010-10180001341 aPerangkat Lunak Pengolah Angka /cAgus Buono; Penyunting, Khafid Ahmad0 aAgus Buono a- avi, 50 hlm. :bilus. ;c25 cm.0 aKhafid Ahmad aBogor :bCV Duta Grafika,c2007 a005.3 a005.3 AGU p a978-979-1447-02-7 aProgram Aplikasi a01570/P/2018